ロード中...
Company Law And Secretarial Practice
| 第一著者: | |
|---|---|
| フォーマット: | Printed Book |
| 出版事項: |
Stering pub.
1978
|
| LEADER | 00369nam a22001097a 4500 | ||
|---|---|---|---|
| 082 | |a 346.06 |b BAI/CO | ||
| 100 | |a Baig,Nafees | ||
| 245 | |a Company Law And Secretarial Practice | ||
| 260 | |b Stering pub. |c 1978 | ||
| 942 | |c BK | ||
| 999 | |c 9184 |d 9184 | ||
| 952 | |0 0 |1 0 |4 0 |6 346_060000000000000_BAI_CO |7 0 |8 NFIC |9 11980 |a KUFOS |b KUFOS |c GEN |d 2016-07-16 |o 346.06 BAI/CO |p 01999 |r 2016-07-16 |w 2016-07-16 |y BK | ||